<?xml version="1.0" encoding="UTF-8"?>
<record
    xmlns:xsi="http://www.w3.org/2001/XMLSchema-instance"
    xsi:schemaLocation="http://www.loc.gov/MARC21/slim http://www.loc.gov/standards/marcxml/schema/MARC21slim.xsd"
    xmlns="http://www.loc.gov/MARC21/slim">

  <leader>01393nam a22002297a 4500</leader>
  <controlfield tag="003">NALT</controlfield>
  <controlfield tag="005">20231223152747.0</controlfield>
  <controlfield tag="008">231223b        th ||||| |||| 00| 0 tha d</controlfield>
  <datafield tag="020" ind1=" " ind2=" ">
    <subfield code="a">9786168067109</subfield>
  </datafield>
  <datafield tag="040" ind1=" " ind2=" ">
    <subfield code="a">NALT</subfield>
  </datafield>
  <datafield tag="050" ind1=" " ind2=" ">
    <subfield code="a">HG 5740.8.A3</subfield>
    <subfield code="b">&#xE2D;169&#xE01; 2560</subfield>
  </datafield>
  <datafield tag="100" ind1="0" ind2=" ">
    <subfield code="9">62397</subfield>
    <subfield code="a">&#xE2D;&#xE19;&#xE31;&#xE19;&#xE15;&#xE42;&#xE0A;&#xE04; &#xE42;&#xE2D;&#xE41;&#xE2A;&#xE07;&#xE18;&#xE23;&#xE23;&#xE21;&#xE19;&#xE19;&#xE17;&#xE4C;</subfield>
  </datafield>
  <datafield tag="245" ind1="1" ind2="0">
    <subfield code="a">&#xE01;&#xE32;&#xE23;&#xE1B;&#xE23;&#xE30;&#xE40;&#xE21;&#xE34;&#xE19;&#xE19;&#xE42;&#xE22;&#xE1A;&#xE32;&#xE22;&#xE01;&#xE32;&#xE23;&#xE25;&#xE07;&#xE17;&#xE38;&#xE19;&#xE02;&#xE2D;&#xE07;&#xE1B;&#xE23;&#xE30;&#xE40;&#xE17;&#xE28;&#xE2A;&#xE21;&#xE32;&#xE0A;&#xE34;&#xE01;&#xE2D;&#xE32;&#xE40;&#xE0B;&#xE35;&#xE22;&#xE19;&#xE15;&#xE32;&#xE21;&#xE01;&#xE23;&#xE2D;&#xE1A;&#xE19;&#xE42;&#xE22;&#xE1A;&#xE32;&#xE22;&#xE01;&#xE32;&#xE23;&#xE25;&#xE07;&#xE17;&#xE38;&#xE19;&#xE40;&#xE1E;&#xE37;&#xE48;&#xE2D;&#xE01;&#xE32;&#xE23;&#xE1E;&#xE31;&#xE12;&#xE19;&#xE32;&#xE17;&#xE35;&#xE48;&#xE22;&#xE31;&#xE48;&#xE07;&#xE22;&#xE37;&#xE19; /</subfield>
    <subfield code="c">&#xE2D;&#xE19;&#xE31;&#xE19;&#xE15;&#xE42;&#xE0A;&#xE04; &#xE42;&#xE2D;&#xE41;&#xE2A;&#xE07;&#xE18;&#xE23;&#xE23;&#xE21;&#xE19;&#xE19;&#xE17;&#xE4C; ...[&#xE41;&#xE25;&#xE30;&#xE04;&#xE19;&#xE2D;&#xE37;&#xE48;&#xE19; &#xE46;].</subfield>
  </datafield>
  <datafield tag="250" ind1=" " ind2=" ">
    <subfield code="a">&#xE1E;&#xE34;&#xE21;&#xE1E;&#xE4C;&#xE04;&#xE23;&#xE31;&#xE49;&#xE07;&#xE41;&#xE23;&#xE01;</subfield>
  </datafield>
  <datafield tag="260" ind1=" " ind2=" ">
    <subfield code="a">&#xE01;&#xE23;&#xE38;&#xE07;&#xE40;&#xE17;&#xE1E;&#xE2F; :</subfield>
    <subfield code="b">&#xE2A;&#xE16;&#xE32;&#xE1A;&#xE31;&#xE19;&#xE23;&#xE30;&#xE2B;&#xE27;&#xE48;&#xE32;&#xE07;&#xE1B;&#xE23;&#xE30;&#xE40;&#xE17;&#xE28;&#xE40;&#xE1E;&#xE37;&#xE48;&#xE2D;&#xE01;&#xE32;&#xE23;&#xE04;&#xE49;&#xE32;&#xE41;&#xE25;&#xE30;&#xE01;&#xE32;&#xE23;&#xE1E;&#xE31;&#xE12;&#xE19;&#xE32; (&#xE2D;&#xE07;&#xE04;&#xE4C;&#xE01;&#xE32;&#xE23;&#xE21;&#xE2B;&#xE32;&#xE0A;&#xE19;),</subfield>
    <subfield code="c">2560.</subfield>
  </datafield>
  <datafield tag="300" ind1=" " ind2=" ">
    <subfield code="a">589 &#xE2B;&#xE19;&#xE49;&#xE32; : </subfield>
    <subfield code="b">&#xE20;&#xE32;&#xE1E;&#xE1B;&#xE23;&#xE30;&#xE01;&#xE2D;&#xE1A;, &#xE15;&#xE32;&#xE23;&#xE32;&#xE07; ;</subfield>
    <subfield code="c">24 &#xE0B;&#xE21;.</subfield>
  </datafield>
  <datafield tag="650" ind1=" " ind2="4">
    <subfield code="9">2288</subfield>
    <subfield code="a">&#xE01;&#xE32;&#xE23;&#xE2A;&#xE48;&#xE07;&#xE40;&#xE2A;&#xE23;&#xE34;&#xE21;&#xE01;&#xE32;&#xE23;&#xE25;&#xE07;&#xE17;&#xE38;&#xE19;</subfield>
    <subfield code="x">&#xE19;&#xE42;&#xE22;&#xE1A;&#xE32;&#xE22;&#xE02;&#xE2D;&#xE07;&#xE23;&#xE31;&#xE10;</subfield>
  </datafield>
  <datafield tag="650" ind1=" " ind2="4">
    <subfield code="9">30752</subfield>
    <subfield code="a">&#xE19;&#xE42;&#xE22;&#xE1A;&#xE32;&#xE22;&#xE40;&#xE28;&#xE23;&#xE29;&#xE10;&#xE01;&#xE34;&#xE08;            </subfield>
  </datafield>
  <datafield tag="850" ind1=" " ind2=" ">
    <subfield code="a">NALT</subfield>
  </datafield>
  <datafield tag="942" ind1=" " ind2=" ">
    <subfield code="2">lcc</subfield>
    <subfield code="c">RSH</subfield>
  </datafield>
  <datafield tag="996" ind1=" " ind2=" ">
    <subfield code="a">kornsiririn.r</subfield>
    <subfield code="b">CATSTF	</subfield>
    <subfield code="c">2023-12-23</subfield>
  </datafield>
  <datafield tag="999" ind1=" " ind2=" ">
    <subfield code="c">104057</subfield>
    <subfield code="d">104057</subfield>
  </datafield>
  <datafield tag="998" ind1=" " ind2=" ">
    <subfield code="h">7560</subfield>
    <subfield code="j">7560</subfield>
    <subfield code="k"> &#xE01;&#xE23;&#xE28;&#xE34;&#xE23;&#xE34;&#xE23;&#xE34;&#xE19;&#xE17;&#xE23;&#xE4C;  &#xE23;&#xE31;&#xE15;&#xE19;&#xE2A;&#xE38;&#xE20;&#xE32;</subfield>
  </datafield>
  <datafield tag="952" ind1=" " ind2=" ">
    <subfield code="0">0</subfield>
    <subfield code="1">0</subfield>
    <subfield code="2">lcc</subfield>
    <subfield code="4">0</subfield>
    <subfield code="7">0</subfield>
    <subfield code="8">CSEN</subfield>
    <subfield code="a">NALT</subfield>
    <subfield code="b">NALT</subfield>
    <subfield code="c">RSH</subfield>
    <subfield code="d">2023-12-23</subfield>
    <subfield code="l">0</subfield>
    <subfield code="o">&#xE27; HG 5740.8.A3 &#xE2D;169&#xE01; 2560</subfield>
    <subfield code="p">0100009408001</subfield>
    <subfield code="r">2024-02-29 00:00:00</subfield>
    <subfield code="w">2023-12-23</subfield>
    <subfield code="y">RSH</subfield>
  </datafield>
</record>
